| 000 | 00706nam a22002295i 4500 | ||
|---|---|---|---|
| 001 | 175833 | ||
| 003 | ES-MaACL | ||
| 005 | 20240508063049.0 | ||
| 008 | 101124s1977 sp o |||| | spa d | ||
| 020 | _a8426427219 | ||
| 080 | _a821.134.2-14"19" | ||
| 100 | 1 |
_aGoytisolo, José Agustín, _d1928- _959420 |
|
| 245 | 1 | 0 |
_aDel tiempo y del olvido / _cJosé Agustín Goytisolo. |
| 250 | _a1ª ed. | ||
| 260 |
_aBarcelona : _bLumen, _c1977. |
||
| 300 |
_a88, [2] p. , [3] h. ; _c21 cm. |
||
| 490 | 1 |
_aEl bardo, colección de poesía ; _v121 |
|
| 830 | 0 |
_aEl Bardo (Batlló, José) ; _v121 _9235922 |
|
| 852 |
_aES-MaACL _jE-13658 _xOlim P-361-Ter |
||
| 942 | _2udc | ||
| 999 |
_c175833 _d175833 |
||